Some unfulfilled promises of quantitative imperialism /
Gorde:
| Egile nagusia: | |
|---|---|
| Formatua: | Texto |
| Gaiak: | |
| Etiketak: |
Etiketa erantsi
Etiketarik gabe, Izan zaitez lehena erregistro honi etiketa jartzen!
|
MARC
| LEADER | 00000 a a2200000 04500 | ||
|---|---|---|---|
| 001 | 42021 | ||
| 003 | |||
| 040 | |||
| 100 | |a Bartels, Larry M. | ||
| 245 | |a Some unfulfilled promises of quantitative imperialism / |c Larry M. Bartels | ||
| 590 | |a EFU/SETIEMBRE2011 | ||
| 650 | |a 1.METODOS DE INVESTIGACION | ||
| 650 | |a 2.CIENCIA POLITICA | ||
| 650 | |a 3.TEORIA | ||
| 650 | |a 4.EPISTEMOLOGIA | ||
| 650 | |a 5.CIENCIAS SOCIALES | ||
| 773 | |g páginas 83-88 | ||
| 999 | |c 38302 |d 38302 | ||
| 773 | 0 | |0 188 |9 3542 |a Brady, Henry E. |b 2° edición |d Lanham, Maryland : Rowman & Littlefield Publishers |o 13513 |t Rethinking social inquiry: |w (cru CRAI/IIS)42018 |z 978-1-4422-0343-3 | |



